ચંદ્રકાન્ત (વેદાન્તજ્ઞાનનો મુખ્ય ગ્રંથ) (Record no. 29821)
[ view plain ]
| 000 -LEADER | |
|---|---|
| fixed length control field | 00843nam a2200229Ia 4500 |
| 041 ## - LANGUAGE CODE | |
| Language code of text/sound track or separate title | guj |
| 082 ## - DEWEY DECIMAL CLASSIFICATION NUMBER | |
| Classification number | ય.૩ |
| Item number | દેસાઈ |
| 008 - FIXED-LENGTH DATA ELEMENTS--GENERAL INFORMATION | |
| fixed length control field | 190320s9999||||xx |||||||||||||| ||und|| |
| 100 ## - MAIN ENTRY--PERSONAL NAME | |
| Personal name | દેસાઈ, ઈચ્છારામ સૂર્યરામ |
| 245 #0 - TITLE STATEMENT | |
| Title | ચંદ્રકાન્ત (વેદાન્તજ્ઞાનનો મુખ્ય ગ્રંથ) |
| Statement of responsibility, etc. | Chandrakant (Vedant gyanno Mukhya Granth) |
| 250 ## - EDITION STATEMENT | |
| Edition statement | 9th ed. |
| 260 ## - PUBLICATION, DISTRIBUTION, ETC. | |
| Place of publication, distribution, etc. | Mumbai |
| Name of publisher, distributor, etc. | Gujarati Printing Press |
| Date of publication, distribution, etc. | 1963 |
| 300 ## - PHYSICAL DESCRIPTION | |
| Extent | 633 p. |
| 500 ## - GENERAL NOTE | |
| General note | Tran Bhagoma : Trutiya Bhag Chaturth Pravah - Himgirini Parnkuti |
| 650 ## - SUBJECT ADDED ENTRY--TOPICAL TERM | |
| Topical term or geographic name entry element | Philosophy - India |
| 650 ## - SUBJECT ADDED ENTRY--TOPICAL TERM | |
| Topical term or geographic name entry element | Vedanta |
| 650 ## - SUBJECT ADDED ENTRY--TOPICAL TERM | |
| Topical term or geographic name entry element | તત્વજ્ઞાન - ભારતીય |
| 650 ## - SUBJECT ADDED ENTRY--TOPICAL TERM | |
| Topical term or geographic name entry element | વેદાંત |
| 650 ## - SUBJECT ADDED ENTRY--TOPICAL TERM | |
| Topical term or geographic name entry element | Philosophy |
| 700 ## - ADDED ENTRY--PERSONAL NAME | |
| Personal name | Desai, Ichharam Suryaram |
| 942 ## - ADDED ENTRY ELEMENTS (KOHA) | |
| Koha item type | Book |
| Withdrawn status | Lost status | Source of classification or shelving scheme | Damaged status | Not for loan | Collection code | Home library | Current library | Shelving location | Date acquired | Cost, normal purchase price | Full call number | Barcode | Date last seen | Price effective from | Koha item type |
|---|---|---|---|---|---|---|---|---|---|---|---|---|---|---|---|
| Available | Not Lost | Dewey Decimal Classification | Not for loan | Philosophy | Bhavans Library | Bhavans Library | Archival Section | 08/14/2012 | 12.00 | ય.૩/દેસાઈ/62597 | 62597 | 03/20/2019 | 03/20/2019 | Book |